02607cam a22003378i 450000100090000000300090000900500170001800800410003502000180007604000330009408200190012710000320014624501070017826400560028530000460034133600260038733700280041333800270044150400510046852013370051965000330185665000330188965000330192265000480195565300220200365500170202590600450204294200120208799900170209995201530211622765454EG-ScBUE20240305120755.0220825s2023 enka f b 001 0 eng d a9781032315027 aDLCbengerdacDLCdEG-ScBUE04a338.9222bSAD1 aSadler, Thomas R.,eauthor.10aUnderstanding global crises :bfrom Covid to climate change and economic collapse /cThomas R. Sadler. 1aAbingdon, Oxon ;aNew York, NY :bRoutledge,c2023. axiii, 255 pages :billustrations ;c24 cm atextbtxt2rdacontent aunmediatedbn2rdamedia avolumebnc2rdacarrier aIncludes bibliographical references and index. a"Understanding Global Crises is an innovative and interdisciplinary text, which investigates the key contemporary economic, social and environmental crises, and demonstrates their deep interconnection. Contributing to the discussion of large-scale crises, this book provides a conceptual framework to understand the current global landscape. Essential cascading crises topics, such as economic collapse, climate change, racial injustice, domestic violence, and epistemic oppression are explored in order to equip readers with the clarity to understand global crises, assess policy interventions, and analyze social responses. To achieve future resilience, the book shows that society must recognize various forms of inequality and make policy changes. Each chapter showcases an international case study, covering real-life examples of topics such as climate disinformation, vaccine distribution disparities, environmental racism, and socioeconomic deprivation. Other features of the book include key terms, suggested further reading, and discussion questions, as well as online supplements comprising PowerPoint slides and an instructor's guide. Understanding Global Crises will be a valuable text to support courses in economics, environmental studies, political science, public health, and social policy"--cProvided by publisher. 7aEconomic development.2BUEsh 7aRegional disparities.2BUEsh 7aEnvironmental policy.2BUEsh 7aCOVID-19 Pandemic, 2020-xInfluence.2BUEsh cMarch2024bBUSECO vReading book a7bcbccorignewd1eecipf20gy-gencatlg 2ddccBB c30689d30660 00102ddc40708AlahramaMAINbMAINc1STd2024-03-05ePurchaseg1999.00h181l0o338.9 SADp000057036r2025-07-15 00:00:00v2499.00w2024-03-05yBB